000
00314nam a22001337a 4500
008
170407b xxu||||| |||| 00| 0 eng d
020
_a
0850664330
041
_a
eng
080
_a
616
100
_a
9
101
_a
SHM
245
_a
DISORDERS COMUNICATION THE SCIENCE INTERVETION
_c
LEAHY.M.M
942
_2
udc
_c
BK
999
_c
10270
_d
10270